Quizzes
Events
Quiz Creation
Community
Videos
Private Events
Remove Ads
Sign In
Join for FREE
Feedback
Dark Mode
Quiz Categories
Sports
Geography
Music
Movies
Television
Just For Fun
Miscellaneous
History
Literature
Language
Science
Gaming
Entertainment
Religion
Holiday
For Kids
Quiz Lab
Recent
Popular Today
Quiz Kudos Today
Editor Picks
Curator Picks
Quizzes by...
Day
Popularity
Type
Ratings
Length
Year
Community
Subscriptions
Recent Discussions
Orange Saloon
Badges
Playlists
Quests
Create
Leaderboards
Showdown
Live 5
Trivia Bingo
Activity
Puzzle Library
Sporcle Events
Private Events
Virtual Trivia
Globe League
Become a Host
Pub Owners
SporcleCon
Opinionation
Our Games
Videos
Blog
Mobile Apps
Partnerships
Remove Ads and Go Orange
Feedback
Gaming
Video Games
Board Games
Card Games
Pokémon
Mario
Nintendo
Minecraft
Console
Toys
Legend of Zelda
Gaming
Video Games
Board Games
Card Games
Pokémon
Mario
Nintendo
Minecraft
Console
Toys
Legend of Zelda
Random Quiz
Search Sporcle
×
Quiz Lab
Quiz Lab
Gaming
Nintendo
Type in answers that appear in a list
Type in answers that appear in a list
Classic
Best Score? Go Orange.
Game by realistic description Stats
Can you name the Game by realistic description?
By
csw
10m
14 Questions
109 Plays
109 Plays
109 Plays
Comments
Comments
Give Quiz Kudos
Give Quiz Kudos
-
- Ratings
hide this ad
Random Order
Randomize order of answers
Randomize order of answers
Replay
Link that replays current quiz
Next Quiz
Link to next quiz in quiz playlist
You Got
0%
They Got
Avg Score
38%
Avg Friend Score
Upgrade to see
Score Distribution
Jump to the score distribution portion of the page
Score
0/14
Timer
10:00
0
Plays Today
Description
Game
% Correct
Imaginary people talk an imaginary language, leading a life full of jobs, weird men dressed as rabbits, oh, and social workers who can get into your house, even if it has no doors
The Sims
63.3%
Increasingly dumb blond gets kidnapped by stalker like monster, who is then defeated by a racial stereotype.
Super Mario Bros
60.6%
Usually ugly men kill and kill...and kill, oh, and occasionally steal, with incompetent policemen who just disappear if you go to sleep.
Grand Theft Auto
60.6%
In a world run by animals, you move in, the only human in the entire area, with a harsh, evil character forcing you to work when you only just moved in, and then putting you in mor
Animal Crossing
54.1%
Walk around a deserted America, fraught with danger, even though there are several safe places to hole up to live your life.Also, almost everybody trusts you blindly, even in extre
Fallout
49.5%
Animals go unusually fast and suddenly hate robots, whilst defying gravity in the first place.
Sonic the Hedgehog
45%
Pick up guns that would not be there in real life, whilst killing infected for no reason, and for some reason never bothering to stay in the safe place, and the characters being po
Left 4 Dead
42.2%
Description
Game
% Correct
Unusually bulky men go crazy with chainsaws, violently ripping aliens in two, with some characters seeming to have zero emotion or zero intelligence.
Gears of War
41.3%
Nerds walk around a world populated by nerds, getting away from their own sad lives and escaping into even sadder lives, into a world that will eventually consume their souls, and,
World of Warcraft
40.4%
A Super-
Human who is mute for two entire games suddenly learns to speak-
with an American accent-
proceeding to risk his own life for a computer system.
Halo
38.5%
Run, and run, and run, and run, and jump, and run, and run, and run, and jump, and run, and slide and run and hit armed men, and repeat.
Mirrors Edge
20.2%
Prove how stupid you really are, with reuslts given to you by a slightly creepy Japanese man who makes comments about you that he has no right to, whilst testing you with increasin
Dr Kawashima's Brain Training
17.4%
Bikes and cars race around, whilst crashing repeatedly, with bikers being knocked off their bikes in horrific accidents only to be simply placed back on the track, with apparently
Motorstorm
9.2%
A cliched nerd game, with more cliches than World of Warcraft, where your unwitting character suddenly gets put in the middle of a plot to save the people, for no reason. Oh, and t
Dragon Age
2.8%
Quiz Playlist
Details
Report
Send in Message
Add To Playlist
Classic:
Type in answers that appear in a list
Random Order:
Randomize order of answers
Last Updated: Feb 16, 2017
Quiz Scoreboard
CHALLENGE
Sign Up to Join the Scoreboard
Show All
Scores
Hide
Comments
May contain spoilers
Recently Published
An Introduction to Baseball
by treessimontrees
Sports
5m
Movies - When Are They Set?
by FPL_Elf
Movies
5m
Popular People in 1961
by mucciniale
History
6m
More to Explore
Quiz From the Vault
Featured Blog Post
Where Did the Easter Bunny Come From?
hide this ad
You Might Also Like...
Tags
Nintendo Quiz
Xbox 360
Today's Top Quizzes in Gaming
Browse Gaming
hide this ad
Today's Top Quizzes in Nintendo
Browse Nintendo
Top Contributed Quizzes in Gaming
1
Destiny 2 exotic weapons by perk icons
2
5-to-1: Consoles
3
Ultimate Genshin Impact Logic Puzzle (up to 4.3)
4
7-to-1: Board Game Piece Blitz
5
5-to-1: Legend of Zelda
6
Franchise by Action Figure
7
Who's on the WWE 2K24 Cover?
8
Windmill: Pokémon
9
Genshin Impact Logic Puzzle Quiz
10
Legendary or Exotic?
Explore More
Trending Topics
NBA
Marvel
Anime
Disney
Crossword
Harry Potter
Kpop
Pokémon
WWE
Soccer
NFL
Puzzle
Country
The Office
Song
hide this ad
More By:
csw
Quiz
Plays
Rating
Category
Featured
Created
Reasons for suicide
370
1.11
Miscellaneous
Mar 27, 2011
Ultimately random grab bag
244
1.14
Miscellaneous
Mar 17, 2011
WAR!!!!!!
114
1.67
Miscellaneous
May 10, 2011
Game by realistic description
109
1.55
Gaming
May 24, 2011
Game by threequel
86
1.60
Gaming
May 30, 2011
Go to Creator's Profile
Score Distribution
Quiz Creator Spotlight
csw
Follow
Send a Message
Quizzes Created
-
Created Quiz Play Count
-
More By This Creator
Popular Quizzes Today
1
Find the Countries of Europe - No Outlines Minefield
2
Find the US States - No Outlines Minefield
3
The Countries of the World
4
Popular People in 1961
5
US States
6
Find the US States
7
1-10 Letter E Words III
8
Risky Map Clicking: Biggest States A-Z
More Gaming Quizzes
Gaming Books: The Subtitles
Published
Trending Quizzes
Risky Map Clicking: Least Populous States A-Z
1-10 Letter F Words
1-10 Letter G Words
One Thing in Common: United Kingdom
Risky Map Clicking: Next State Alphabetically
Recently Updated
Leaping Animals
pecheneg
Reality TV Shows (A-Z)
bhenderson79
Rickey Henderson's Hall of Fame Teammates
pecheneg
Champions League XIs: Arsenal
pecheneg
Quick Pick: Celebrities in WWE's Hall of Fame
aduchscher
A-Z Keypad Blitz II
pecheneg
Multiple Oscar Actors
pecheneg
Mystery Phrase Blitz: Oscar 'Best Actors'
pecheneg
F. Scott Fitzgerald Novels
LTH
Pick 3 Villains
ddd62291
Trending Topics
Kpop
Marvel
NBA
Harry Potter
Crossword
Anime
Disney
Pokémon
The Office
Song
Soccer
WWE
NFL
Country
Puzzle
Your Account Isn't Verified!
In order to create a playlist on Sporcle, you need to verify the email address you used during registration. Go to your
Sporcle Settings
to finish the process.
Report this User
Report this user for behavior that violates our
Community Guidelines
.
Details:
Send Report
Go to the Sporcle.com Mobile Site →
Comments